Emprender soñando (Registro nro. 3833)

Detalles MARC
000 -Cabecera
Campo de control de longitud fija 00981aam a2200349 4500
005 - Fecha y hora de la última transacción
Campo de control 20250806164014.0
008 - Elementos de longitud fija--Información general
Campo de control de longitud fija 150309b2012 xxu||||| |||| 00| 0 spa d
020 ## - International Standard Book Number
Número Internacional Estándar del Libro (ISBN) 9788415577584
041 ## - Idioma
Código de idioma Español
082 ## - Clasificación Decimal Dewey
Número de clasificación 658.409.2 H711e
100 ## - Entrada principal--Autor personal
Nombre personal Hoffman, Catalina
9 (RLIN) 17520
245 ## - Título propiamente dicho
Título Emprender soñando
260 ## - Pie de imprenta
Lugar de publicación, distribución, etc. España
260 ## - Pie de imprenta
Nombre del editor, distribuidor, etc. Platafroma
260 ## - Pie de imprenta
Fecha de publicación, distribución, etc. 2012
300 ## - Descripción física
Extensión 140 páginas
490 ## - Serie
Título de la Serie Dirección y Administración de Empresas
650 ## - Materia general
Temática (materia general) LIDERAZGO EJECUTIVO
650 ## - Materia general
Temática (materia general) EMPRENDER Y AYUDAR
650 ## - Materia general
Temática (materia general) MÉTODO HOFFMANN
650 ## - Materia general
Temática (materia general) EMPRENDER QUERER ES PODER
650 ## - Materia general
Temática (materia general) EMPRENDIMIENTO
650 ## - Materia general
Temática (materia general) INNOVACIÓN
650 ## - Materia general
Temática (materia general) EL RETO DE EMPEZAR DE CERO
650 ## - Materia general
Temática (materia general) ADMINISTRACIÓN DE EMPRESAS
650 ## - Materia general
Temática (materia general) BENEFICIOS DEL MÉTODO HOFFMANN
650 ## - Materia general
Temática (materia general) EL SUEÑO EMPIEZA A CRECER
650 ## - Materia general
Temática (materia general) FORMANDO EL EQUIPO
650 ## - Materia general
Temática (materia general) CAMINO DEL APRENDIZAJE
650 ## - Materia general
Temática (materia general) FUNADACIÓN CATALINA HOFFMANN
942 ## - Punto de acceso adicional KOHA
Tipo de ítem KOHA Libro
Fuente del sistema de clasificación o colocación Dewey Decimal Classification
Existencias
Signatura completa Código de barras Programa Académico Tipo de ítem
658.409.2 H711e 18846 Dirección y Administración de Empresas Libro